[Event "TUN-ch U16"]
[Site "Monastir"]
[Date "2021.03.16"]
[Round "5"]
[White "Jerraya, Youssef"]
[Black "Sanaa, Mohamed Anas"]
[Result "1-0"]
[WhiteElo "1320"]
[BlackElo "1469"]
[PlyCount "27"]
[EventDate "2021.03.15"]
[EventType "swiss"]
[EventRounds "9"]
[EventCountry "TUN"]
[SourceTitle "EXT 2022"]
[Source "ChessBase"]
[SourceDate "2021.10.06"]
[SourceVersion "1"]
[SourceVersionDate "2021.10.06"]
[SourceQuality "1"]

1. e4 c6 2. d4 d5 3. Nc3 dxe4 4. Nxe4 Bf5 5. Ng3 Bg6 6. Nf3 Nd7 7. h4 h6 8. h5 Bh7 9. Bd3 Bxd3 10. Qxd3 Ngf6 11. Ne4 Nxe4 12. Qxe4 Nf6 13. Qe2 e6 14. Bd2 1-0